Strafe und Verbrechen: die Theorie Emile Durkheims
| Main Author: | |
|---|---|
| Format: | Print Book |
| Language: | German |
| Published: |
Opladen
Leske u. Budrich
1990
|
| In: | Year: 1990 |
| Online Access: |
Cover Table of Contents Table of Contents |
| Availability in Tübingen: | Present in Tübingen. IFK: A II 403 |
| Check availability: | HBZ Gateway |
| Subito Delivery Service: | Order now. |
| Keywords: |
MARC
| LEADER | 00000cam a2200000 c 4500 | ||
|---|---|---|---|
| 001 | 025664875 | ||
| 003 | DE-627 | ||
| 005 | 20260206192424.0 | ||
| 007 | tu | ||
| 008 | 900905s1990 gw ||||| m 00| ||ger c | ||
| 015 | |a 90,N05,0205 |2 dnb | ||
| 016 | 7 | |a 900241020 |2 DE-101 | |
| 020 | |a 3810008095 |9 3-8100-0809-5 | ||
| 035 | |a (DE-627)025664875 | ||
| 035 | |a (DE-603)011815442 | ||
| 035 | |a (DE-576)018031609 | ||
| 035 | |a (DE-599)GBV025664875 | ||
| 035 | |a (OCoLC)26446073 | ||
| 035 | |a (DE-604)8024901431 | ||
| 040 | |a DE-627 |b ger |c DE-627 |e rakwb | ||
| 041 | |a ger | ||
| 044 | |c XA-DE | ||
| 050 | 0 | |a HV6037 | |
| 084 | |a 19 |2 sdnb | ||
| 084 | |a 19 |a 11 |a 14 |2 sdnb | ||
| 084 | |a CI 5637 |2 rvk |0 (DE-625)rvk/18486:11616 | ||
| 084 | |a MQ 3151 |2 rvk |0 (DE-625)rvk/123431:11634 | ||
| 084 | |a MS 6380 |2 rvk |0 (DE-625)rvk/123753: | ||
| 084 | |a PI 4510 |2 rvk |0 (DE-625)rvk/136629: | ||
| 084 | |a MQ 2400 |2 rvk |0 (DE-625)rvk/123417: | ||
| 084 | |a MR 4000 |2 rvk |0 (DE-625)rvk/123508: | ||
| 084 | |a PH 8300 |2 rvk |0 (DE-625)rvk/136497: | ||
| 084 | |a 71.40 |2 bkl | ||
| 084 | |a 71.64 |2 bkl | ||
| 090 | |a a | ||
| 100 | 1 | |a Gephart, Werner |d 1949- |0 (DE-588)120302489 |0 (DE-627)080590721 |0 (DE-576)165654988 |4 aut | |
| 109 | |a Gephart, Werner 1949- | ||
| 245 | 1 | 0 | |a Strafe und Verbrechen |b die Theorie Emile Durkheims |c Werner Gephart |
| 264 | 1 | |a Opladen |b Leske u. Budrich |c 1990 | |
| 300 | |a 214 S. |b graph. Darst. |c 21 cm | ||
| 336 | |a Text |b txt |2 rdacontent | ||
| 337 | |a ohne Hilfsmittel zu benutzen |b n |2 rdamedia | ||
| 338 | |a Band |b nc |2 rdacarrier | ||
| 500 | |a Literaturverz. S. 203 - 214 | ||
| 502 | |a Zugl.: Göttingen, Univ., Diss., 1986 | ||
| 600 | 1 | 7 | |0 (DE-588)118528297 |0 (DE-627)060136928 |0 (DE-576)160806550 |a Durkheim, Émile |d 1858-1917 |2 gnd |
| 650 | 0 | 7 | |0 (DE-588)4062653-2 |0 (DE-627)106130862 |0 (DE-576)209145358 |a Verbrechen |2 gnd |
| 650 | 0 | 7 | |0 (DE-588)4057785-5 |0 (DE-627)106149474 |0 (DE-576)209123699 |a Strafe |2 gnd |
| 650 | 4 | |a Kriminalität | |
| 650 | 4 | |a Strafrecht/Strafjustiz | |
| 650 | 4 | |a Soziologie | |
| 650 | 4 | |a Literaturverzeichnis/Bibliographie | |
| 650 | 4 | |a Criminality | |
| 650 | 4 | |a criminal law/criminal justice | |
| 650 | 4 | |a Sociology | |
| 650 | 4 | |a Bibliography | |
| 650 | 4 | |a Soziologische Theorie | |
| 650 | 4 | |a Werturteil | |
| 650 | 4 | |a Soziale Norm | |
| 650 | 4 | |a Soziales Verhalten | |
| 650 | 4 | |a Soziale Sanktion | |
| 650 | 4 | |a Rechtssoziologie | |
| 650 | 4 | |a Strafe, Diskussion, Straftat, Evolution, Ordnung | |
| 653 | 0 | |a Criminal anthropology | |
| 653 | 0 | |a Criminal law | |
| 653 | 0 | |a Crime | |
| 653 | 0 | |a Punishment | |
| 655 | 7 | |a Hochschulschrift |0 (DE-588)4113937-9 |0 (DE-627)105825778 |0 (DE-576)209480580 |2 gnd-content | |
| 689 | 0 | 0 | |d p |0 (DE-588)118528297 |0 (DE-627)060136928 |0 (DE-576)160806550 |a Durkheim, Émile |d 1858-1917 |2 gnd |
| 689 | 0 | 1 | |d s |0 (DE-588)4062653-2 |0 (DE-627)106130862 |0 (DE-576)209145358 |a Verbrechen |2 gnd |
| 689 | 0 | 2 | |d s |0 (DE-588)4057785-5 |0 (DE-627)106149474 |0 (DE-576)209123699 |a Strafe |2 gnd |
| 689 | 0 | |5 DE-101 | |
| 751 | |a Göttingen |0 (DE-588)4021477-1 |0 (DE-627)106313819 |0 (DE-576)20893815X |4 uvp | ||
| 856 | 4 | 2 | |u http://www.gbv.de/dms/hebis-darmstadt/toc/11815442.pdf |m V:DE-603 |m B:DE-17 |q pdf/application |x Verlag |y Inhaltsverzeichnis |3 Inhaltsverzeichnis |7 1 |
| 856 | 4 | 2 | |u https://swbplus.bsz-bw.de/bsz018031609cov.jpg |m V:DE-576 |m X:springer |q image/jpeg |v 20150402152342 |3 Cover |7 1 |
| 856 | 4 | 2 | |u http://scans.hebis.de/HEBCGI/show.pl?01181544_toc.pdf |m V:DE-603;B:DE-17 |q application/pdf |3 Inhaltsverzeichnis |7 1 |
| 935 | |i sf | ||
| 935 | |i Blocktest | ||
| 935 | |h HEB |i 0501 | ||
| 935 | |h HEB |i 0503 | ||
| 936 | r | v | |a CI 5637 |b Abhandlungen, Studien |k Philosophie |k Geschichte der Philosophie |k Geschichte der Philosophie des Abendlandes von Antike bis 20. Jahrhundert |k Philosophie des 20. Jahrhunderts |k Frankreich und französischsprachige Länder sowie Rumänien |k Autoren |k Durkheim, Emile |k Abhandlungen, Studien |0 (DE-627)1271935856 |0 (DE-625)rvk/18486:11616 |0 (DE-576)201935856 |
| 936 | r | v | |a MQ 3151 |b Sekundärliteratur |k Soziologie |k Einführung und Geschichte |k Einzelne Autoren |k Autoren D |k Durkheim, Émile |k Sekundärliteratur |0 (DE-627)1388131293 |0 (DE-625)rvk/123431:11634 |0 (DE-576)318131293 |
| 936 | r | v | |a MS 6380 |b Kriminalität, Gefängnis, Erziehungsheim |k Soziologie |k Spezielle Soziologien |k Soziale Probleme |k Kriminalität, Gefängnis, Erziehungsheim |0 (DE-627)1271441438 |0 (DE-625)rvk/123753: |0 (DE-576)201441438 |
| 936 | r | v | |a PI 4510 |b Strafe, Allgemeines |k Rechtswissenschaft |k Allgemeine Rechtslehre und Rechtstheorie, Rechts- und Staatsphilosophie, Rechtssoziologie |k Strafrechtsphilosophie sowie weltanschaulich umstrittene Fragen des Rechts |k Strafe, Allgemeines |0 (DE-627)1270882511 |0 (DE-625)rvk/136629: |0 (DE-576)200882511 |
| 936 | r | v | |a MQ 2400 |b Beiträge zu Einzelproblemen |k Soziologie |k Einführung und Geschichte |k Geschichte der Soziologie |k Beiträge zu Einzelproblemen |0 (DE-627)1271427419 |0 (DE-625)rvk/123417: |0 (DE-576)201427419 |
| 936 | r | v | |a MR 4000 |b Klassiker der Soziologie (ältere soziologische Theorie) |k Soziologie |k Sozialwissenschaftliche Theorien und Methoden |k Klassiker der Soziologie (ältere soziologische Theorie) |0 (DE-627)1270821067 |0 (DE-625)rvk/123508: |0 (DE-576)200821067 |
| 936 | r | v | |a PH 8300 |b Kriminalbiologie; Kriminalanthropologie; Kriminalethologie; Kriminalpsychologie; Kriminalsoziologie, Abweichendes Verhalten/Soziologie; Labeling approach; Radikale Kriminologie, Kritische Kriminologie |k Rechtswissenschaft |k Strafrecht, Strafverfahrensrecht, Kriminologie |k Kriminologie |k Kriminalitätstheorien |k Kriminalbiologie; Kriminalanthropologie; Kriminalethologie; Kriminalpsychologie; Kriminalsoziologie, Abweichendes Verhalten/Soziologie; Labeling approach; Radikale Kriminologie, Kritische Kriminologie |0 (DE-627)1271739763 |0 (DE-625)rvk/136497: |0 (DE-576)201739763 |
| 936 | b | k | |a 71.40 |j Soziale Prozesse: Allgemeines |0 (DE-627)106412639 |
| 936 | b | k | |a 71.64 |j Abweichendes Verhalten |0 (DE-627)106416146 |
| 936 | s | n | |a m200 |2 mzub |
| 936 | s | n | |a p100 |2 mzub |
| 936 | s | n | |a c200 |2 mzub |
| 951 | |a BO | ||
| ELC | |b 1 | ||
| LOK | |0 000 xxxxxcx a22 zn 4500 | ||
| LOK | |0 001 3323437047 | ||
| LOK | |0 003 DE-627 | ||
| LOK | |0 004 025664875 | ||
| LOK | |0 005 20020607000000 | ||
| LOK | |0 008 920826||||||||||||||||ger||||||| | ||
| LOK | |0 040 |a DE-21-110 |c DE-627 |d DE-21-110 | ||
| LOK | |0 852 |a DE-21-110 | ||
| LOK | |0 852 1 |c A II 403 |m p |9 00 | ||
| LOK | |0 935 |a k110 | ||
| LOK | |0 936ln |a 1.6 | ||
| LOK | |0 938 |k p | ||
| LOK | |0 939 |a 26-08-92 |b l01 | ||
| ORI | |a SA-MARC-krimdoka001.raw | ||
| SIG | |a IFK: A II 403 | ||
